000 00400nam a2200145Ia 4500
008 240624s9999 xx 000 0 und d
041 _aeng
082 _a658.872 RYA
100 _aRYAN DAMIAN
245 _aUNDERSTANDING DIGITAL MARKETING MARKETIN
250 _a(2nd ed.)
260 _c2012
_aNew Delhi
_bKogan Page India Private limited
300 _axv, : 283 : p. : cm. ; 23
365 _cRS
_b33.5
999 _c18896
_d18896